Cyclisme: Top 30 du Tour de Lombardie 2022 - Statistiques

Statistiques générales
  • Ce quiz a été pris 160 fois
  • Le résultat moyen est 12 sur 30
Statistiques - réponses
Pos Equipe Coureur % Correct
1er UAE Team Emirates Tadej Pogacar
99%
2ème Movistar Team Enric Mas
88%
9ème Team DSM Romain Bardet
79%
3ème Bahrain Victorious Mikel Landa
68%
12ème Team Arkéa-Samsic Warren Barguil
68%
6ème Movistar Team Alejandro Valverde
65%
18ème BORA-hansgrohe Aleksandr Vlasov
64%
7ème Trek-Segafredo Bauke Mollema
58%
17ème INEOS Grenadiers Daniel Martinez
53%
21ème EF Education-EasyPost Rigoberto Uran
52%
10ème INEOS Grenadiers Adam Yates
44%
16ème Jumbo-Visma Jonas Vingegaard
42%
5ème INEOS Grenadiers Carlos Rodriguez
41%
8ème Groupama-FDJ Rudy Molard
41%
4ème BORA-hansgrohe Sergio Higuita
41%
15ème Trek-Segafredo Giulio Ciccone
36%
24ème Astana Qazaqstan Team Vincenzo Nibali
32%
13ème Quick-Step Alpha Vinyl Team Ilan van Wilder
30%
23ème UAE Team Emirates Rafal Majka
29%
27ème Groupama-FDJ Michael Storer
25%
20ème Quick-Step Alpha Vinyl Team Mauri Vansevenant
22%
30ème Groupama-FDJ Quentin Pacher
20%
25ème Cofidis Remy Rochas
13%
28ème UAE Team Emirates Davide Formolo
12%
26ème UAE Team Emirates Diego Ulissi
11%
14ème AG2R Citroën Team Clément Berthet
10%
29ème TotalEnergies Alexis Vuillermoz
9%
19ème Quick-Step Alpha Vinyl Team Mikkel Honore
6%
11ème EF Education-EasyPost Andrea Piccolo
4%
22ème BORA-hansgrohe Matteo Fabbro
3%
Aucun quiz correspondant
Distribution des résultats
% des personnes avec chaque résultat
Percentile par nombre de réponses
Votre historique - résultats
Vous n’avez pas pris ce quiz